Wszystkie miasta na prawach powiatu w Polsce na mapie - Statystyki

Ogólne statystyki
  • Ten quiz został rozwiązany 3 460 razy
  • Średni wynik to 51 z 66
Odpowiedzi na mapie
Odpowiedzi zakodowano w zielono-czerwonej skali na mapie do tego quizu, zgodnie z poniższymi procentami.
 
Statystyki odpowiedzi
Województwo Powiat % Poprawnych
Pomorskie Gdańsk
97%
Pomorskie Gdynia
97%
Mazowieckie Warszawa
97%
Małopolskie Kraków
96%
Zachodniopomorskie Szczecin
96%
Podlaskie Białystok
95%
Łódzkie Łódź
95%
Wielkopolskie Poznań
95%
Dolnośląskie Wrocław
95%
Śląskie Katowice
94%
Lubelskie Lublin
94%
Warmińsko-mazurskie Olsztyn
93%
Podkarpackie Rzeszów
93%
Lubuskie Zielona Góra
93%
Opolskie Opole
92%
Świętokrzyskie Kielce
91%
Kujawsko-pomorskie Bydgoszcz
90%
Lubuskie Gorzów Wielkopolski
90%
Mazowieckie Radom
90%
Kujawsko-pomorskie Toruń
90%
Śląskie Częstochowa
88%
Podlaskie Suwałki
88%
Warmińsko-mazurskie Elbląg
86%
Zachodniopomorskie Koszalin
86%
Pomorskie Sopot
86%
Zachodniopomorskie Świnoujście
86%
Śląskie Gliwice
81%
Mazowieckie Płock
81%
Małopolskie Tarnów
80%
Śląskie Sosnowiec
78%
Śląskie Zabrze
78%
Podkarpackie Przemyśl
77%
Śląskie Bielsko-Biała
76%
Dolnośląskie Legnica
76%
Pomorskie Słupsk
76%
Śląskie Chorzów
75%
Dolnośląskie Wałbrzych
75%
Lubelskie Zamość
75%
Śląskie Bytom
74%
Dolnośląskie Jelenia Góra
74%
Wielkopolskie Kalisz
74%
Małopolskie Nowy Sącz
74%
Łódzkie Piotrków Trybunalski
73%
Wielkopolskie Konin
72%
Kujawsko-pomorskie Włocławek
72%
Lubelskie Chełm
70%
Podlaskie Łomża
70%
Mazowieckie Siedlce
68%
Śląskie Tychy
68%
Lubelskie Biała Podlaska
67%
Śląskie Dąbrowa Górnicza
67%
Śląskie Rybnik
67%
Kujawsko-pomorskie Grudziądz
65%
Podkarpackie Krosno
65%
Wielkopolskie Leszno
63%
Śląskie Ruda Śląska
63%
Podkarpackie Tarnobrzeg
63%
Mazowieckie Ostrołęka
62%
Łódzkie Skierniewice
59%
Śląskie Mysłowice
55%
Śląskie Jaworzno
54%
Śląskie Siemianowice Śląskie
54%
Śląskie Jastrzębie-Zdrój
52%
Śląskie Żory
52%
Śląskie Piekary Śląskie
47%
Śląskie Świętochłowice
46%
Nie znaleziono quizów pasujących do podanych kryteriów
Rozkład punktacji
Procent ludzi z każdym wynikiem
Percentyl według liczby udzielonych odpowiedzi
Twoja historia wyników
Nie rozwiązałeś tego quizu